| 000 | 00731nam a2200229 a 4500 | ||
|---|---|---|---|
| 001 | 1139 | ||
| 003 | BR-CuiBMT | ||
| 005 | 20231129202851.0 | ||
| 008 | 231129s2012 mtba 000 0 por d | ||
| 020 | _a9788580090321 | ||
| 040 |
_aBR-CuiBMT _cBR-CuiBMT |
||
| 080 |
_22007 _a262.3 _x(817.2) |
||
| 090 |
_a262.3(817.2) _bC957a |
||
| 100 | 1 |
_aCruz, Felisberto Samoel da, _cPadre |
|
| 245 | 1 | 0 |
_aArquidiocese de Cuiabá história e vida : _b1910-2010 / _cPe. Felisberto Samoel da Cruz. |
| 260 |
_aCuiabá : _bCarlini & Caniato, _c2012. |
||
| 300 |
_a366 p. : _bil. ; _c23 cm |
||
| 504 | _aInclui bibliografia. | ||
| 650 |
_aArquidiocese de Cuiabá _zMato Grosso |
||
| 650 |
_aIgreja Católica _zCuiabá - Mato Grosso |
||
| 942 |
_2udc _cLV |
||
| 999 |
_c1139 _d1139 |
||